[Event "Cearense-ch 52th"]
[Site "Fortaleza"]
[Date "2010.10.21"]
[Round "1.2"]
[White "Ribeiro, Matheus Cavalcante"]
[Black "Oliveira, Marcos Fabio Costa"]
[Result "1-0"]
[WhiteElo "2110"]
[BlackElo "1860"]
[PlyCount "99"]
[EventDate "2010.10.21"]
[EventType "swiss"]
[EventRounds "6"]
[EventCountry "BRA"]
[SourceTitle "EXT 2022"]
[Source "ChessBase"]
[SourceDate "2021.10.06"]
[SourceVersion "1"]
[SourceVersionDate "2021.10.06"]
[SourceQuality "1"]

1. c4 Nf6 2. Nf3 e6 3. g3 b6 4. Bg2 Bb7 5. 0-0 Be7 6. Nc3 d5 7. d4 0-0 8. Ne5 Nbd7 9. Nxd7 Qxd7 10. Bg5 h6 11. Bxf6 Bxf6 12. e3 Rfd8 13. cxd5 exd5 14. Rc1 c5 15. dxc5 bxc5 16. Na4 c4 17. Nc5 Qb5 18. Nxb7 Qxb7 19. Rxc4 Qxb2 20. Rc2 Qb5 21. Rd2 Rab8 22. Bxd5 Qa5 23. e4 Rd7 24. Rc2 Re8 25. Qh5 Kh8 26. Rfc1 Rxe4 27. Rc5 Re1+ 28. Kg2 Qd2 29. Rc8+ Bd8 30. Rxe1 Qxe1 31. Qf5 Qe7 32. Bxf7 Rd6 33. Bd5 Rf6 34. Qc2 Qd7 35. Qe4 Rd6 36. Bb3 Rf6 37. Ra8 Rf8 38. Bc2 g5 39. Qg6 Qg7 40. Qxg7+ Kxg7 41. Rxa7+ Kg8 42. Bb3+ Kh8 43. Rf7 Rxf7 44. Bxf7 Kg7 45. Bh5 Kf6 46. f4 gxf4 47. gxf4 Kf5 48. Kf3 Bc7 49. Bg4+ Kf6 50. a4 1-0

[Event "Quixada Sertao 6th op"]
[Site "Quixada"]
[Date "2008.07.19"]
[Round "5.5"]
[White "Oliveira, Marcos Fabio Costa"]
[Black "Cavalcanti, Francisco de Assis"]
[Result "0-1"]
[WhiteElo "1840"]
[BlackElo "2252"]
[PlyCount "90"]
[EventDate "2008.07.17"]
[EventType "swiss"]
[EventRounds "7"]
[EventCountry "BRA"]
[SourceTitle "EXT 2022"]
[Source "ChessBase"]
[SourceDate "2021.10.06"]
[SourceVersion "1"]
[SourceVersionDate "2021.10.06"]
[SourceQuality "1"]

1. d4 Nf6 2. c4 e6 3. Nc3 d5 4. Nf3 Be7 5. Bg5 Nbd7 6. e3 0-0 7. Bd3 b6 8. 0-0 Bb7 9. cxd5 exd5 10. Rc1 c5 11. Bb1 Re8 12. Re1 a6 13. Qc2 g6 14. h3 Bd6 15. Qd1 Qc7 16. Ne2 c4 17. Bf4 b5 18. Bxd6 Qxd6 19. Ng3 Rac8 20. h4 Ne4 21. Nxe4 dxe4 22. Nh2 f5 23. g3 Bd5 24. Kg2 Nf6 25. Qe2 Kg7 26. Rh1 Bf7 27. Qd2 b4 28. Qe1 Nd5 29. Qd2 c3 30. Qe2 a5 31. Rhe1 a4 32. Nf1 h6 33. Kg1 Nb6 34. bxc3 bxc3 35. Qd1 Qa3 36. Rc2 Nd5 37. Qc1 Qxc1 38. Rexc1 a3 39. Nh2 Rb8 40. Kf1 Re7 41. Re2 Be8 42. Bc2 Rb2 43. Ree1 Bb5+ 44. Kg2 Nb4 45. Bb1 c2 0-1